Nočná mora menom Prízrak kam sa stratilo gigantické panneau mexického maliara monumentalustu Diega Riveru?

Bibliographic Details
Main Author: Strapko, Michal (Author)
Format: Article
Language:Slovak
PhysicalDescription:Fotogr.
ISSN:1336-6629
Subjects:

MARC

LEADER 00000nab a2200000 ar4500
001 vtls008849130
003 SK-MaSNL
005 20260304144607.0
008 250505c2006 xo zr|p|||||||000 b|slo
015 |a SNBRB2006/09  |2 snkbucl 
035 |a (uuid)837e91b4-f2b2-4172-a9f6-933cab64334b 
035 |a urn:nbn:sk:snk-abf4sz 
035 |a (urnnbn)urn:nbn:sk:snk:ar-a09t9f 
038 |a SNKBUCL 
040 |a SNKBUCL  |b slo  |c SNKBUCL  |e AACR2 
041 0 |a slo 
044 |a xo  |c SK 
080 |a 75.071.1  |2 2001 
080 |a 75.05  |x (72)  |2 2001 
100 1 |a Strapko, Michal  |4 aut  |9 508886 
245 1 0 |a Nočná mora menom Prízrak  |b kam sa stratilo gigantické panneau mexického maliara monumentalustu Diega Riveru?  |c Michal Strapko 
300 |b Fotogr. 
600 1 7 |a Rivera, Diego  |d 1886-1957  |t Prízrak vojny  |2 snkbucl  |9 1466295 
650 0 7 |a panneau  |2 snkbucl  |9 1466296 
773 0 |t Antik  |g Roč. 2, č. 7 (2006), s. 60-63  |x 1336-6629 
850 |a Slovenská národná knižnica 
852 |a Slovenská národná knižnica 
954 |a odborná, vedecká literatúra pôvodná (slovenská)  |2 lita 
958 |a article2022 
958 |a MX 
958 |a OND 
958 |a EUIPO 
999 |c 2932160  |d 2934090